El trabajo de las palabras (Record no. 204740)
[ view plain ]
| 000 -CABECERA | |
|---|---|
| campo de control de longitud fija | 00758cam a2200241 a 4500 |
| 003 - IDENTIFICADOR DEL NÚMERO DE CONTROL | |
| campo de control | MX-MxUPN |
| 005 - FECHA Y HORA DE LA ÚLTIMA TRANSACCIÓN | |
| campo de control | 20240321094637.0 |
| 008 - ELEMENTOS DE LONGITUD FIJA--INFORMACIÓN GENERAL | |
| campo de control de longitud fija | 190905s2006 ve a br 000 0 spa d |
| 020 ## - NÚMERO INTERNACIONAL NORMALIZADO PARA LIBROS | |
| Número Internacional Estándar del Libro | 9803950169 |
| 035 ## - NÚMERO DE CONTROL DEL SISTEMA | |
| Número de control de sistema | UPN01000232645 |
| 040 ## - FUENTE DE LA CATALOGACIÓN | |
| Centro catalogador/agencia de origen | MX-MxUPN |
| Lengua de catalogación | spa |
| 050 #4 - SIGNATURA TOPOGRÁFICA DE LA BIBLIOTECA DEL CONGRESO | |
| Número de clasificación | PC4105 |
| Número de documento/Ítem | R56 2006 |
| 100 1# - ASIENTO PRINCIPAL--NOMBRE PERSONAL | |
| Nombre de persona | Riobueno, Nelly |
| 9 (RLIN) | 51447 |
| 245 13 - MENCIÓN DE TÍTULO | |
| Título | El trabajo de las palabras |
| 260 ## - PUBLICACIÓN, DISTRIBUCIÓN, ETC. | |
| Lugar de publicación, distribución, etc. | [Venezuela] : |
| Nombre del editor, distribuidor, etc. | El Nacional, |
| Fecha de publicación, distribución, etc. | c2006 |
| 300 ## - DESCRIPCIÓN FÍSICA | |
| Extensión | 31 páginas : |
| Otras características físicas | ilustraciones a color |
| 490 0# - MENCIÓN DE SERIE | |
| Mención de serie | Colección brújula de papel. Lengua y literatura ; |
| Designación de volumen o secuencia | 30 |
| 650 #4 - ASIENTO SECUNDARIO DE MATERIA - TERMINO TEMATICO | |
| 9 (RLIN) | 51446 |
| Término de materia o nombre geográfico como elemento de entrada | Español |
| Subdivisión general | Gramática |
| Subdivisión de forma | Literatura infantil |
| 700 1# - ASIENTO SECUNDARIO--NOMBRE DE PERSONAL | |
| 9 (RLIN) | 51448 |
| Nombre de persona | García, Carlos |
| Término indicativo de función/relación | ilustración |
| 902 ## - ELEMENTOS DE DATOS B LOCAL, LDB (RLIN) | |
| Modificó | VíctorGodínez/210324 |
| 942 ## - ELEMENTOS DE PUNTO DE ACCESO ADICIONAL (KOHA) | |
| Fuente del sistema de clasificación o colocación | Library of Congress Classification |
| Tipo de ítem Koha | Libro |
| Estado de retiro | Estado de pérdida | Fuente del sistema de clasificación o colocación | Estado dañado | No para préstamo | Código de colección | Localización permanente | Ubicación/localización actual | Ubicación en estantería | Fecha de adquisición | Clasificación | Código de barras | Fecha visto por última vez | Tipo de ítem Koha |
|---|---|---|---|---|---|---|---|---|---|---|---|---|---|
| Library of Congress Classification | Infantil | Bib. Gregorio Torres Quintero | Bib. Gregorio Torres Quintero | Sala infantil Planta baja | 11/05/2023 | PC4105 R56 2006 | 319478 | 31/12/2020 | Libro |
